Statistiques concernant Italien - Verbe régulier (Amare)

Cliquez ici pour prendre le quiz!

Statistiques générales

  • Ce quiz a été pris 8 fois
  • Le résultat moyen est 24 sur 49

Statistiques - réponses

Tempo - PersonaConiugazione% Correct
lui/leiama
100%
tuami
100%
ioamo
100%
loroamano
75%
voiamate
75%
lui/leiamava
75%
noiamavamo
75%
loroamavano
75%
voiamavate
75%
tuamavi
75%
ioamavo
75%
noiamiamo
75%
tuama
50%
ioamai
50%
tuamasti
50%
voiamate
50%
lui/leiamerà
50%
tuamerai
50%
loroameranno
50%
lui/leiamerebbe
50%
loroamerebbero
50%
ioamerei
50%
noiameremmo
50%
noiameremo
50%
voiamereste
50%
tuameresti
50%
voiamerete
50%
ioamerò
50%
lui/leiami
50%
noiamiamo
50%
loroamino
50%
lui/leiamò
50%
noiamammo
25%
io (maschile)amando
25%
loroamarono
25%
lui/leiamasse
25%
loroamassero
25%
ioamassi
25%
tuamassi
25%
noiamassimo
25%
voiamaste
25%
voiamaste
25%
io (maschile)amato
25%
ioami
25%
tuami
25%
lui/leiami
25%
noiamiamo
25%
voiamiate
25%
loroamino
25%

Distribution des résultats

Percentile par nombre de réponses

% des personnes avec chaque résultat

Votre développement - résultats

Vous n’avez pas pris ce quiz